UBT Library

Public international law in a nutshell / (Record no. 321)

000 -LEADER
fixed length control field 00890cam a2200277 a 4500
005 - DATE AND TIME OF LATEST TRANSACTION
control field 20131114105137.0
008 - FIXED-LENGTH DATA ELEMENTS--GENERAL INFORMATION
fixed length control field 030407s2002 mnu b 001 0 eng
020 ## - INTERNATIONAL STANDARD BOOK NUMBER
International Standard Book Number 0314211586
041 0# - LANGUAGE CODE
Language code of text/sound track or separate title eng
080 ## - UNIVERSAL DECIMAL CLASSIFICATION NUMBER
Universal Decimal Classification number 341
100 1# - Rafti
Rafti Buergenthal, Thomas.
245 10 - TITLE STATEMENT
Title Public international law in a nutshell /
Statement of responsibility, etc by Thomas Buergenthal, Sean D. Murphy.
246 18 - VARYING FORM OF TITLE
Title proper/short title Public international law
250 ## -
-- 3rd ed.
260 ## -
-- St. Paul, MN :
-- West Group,
-- c2002.
300 ## -
-- xxxv, 388 p. ;
-- 19 cm.
490 1# -
-- West nutshell series
500 ## -
-- Preface to the third edition : f. III-IV
500 ## -
-- Includes index.
504 ## - BIBLIOGRAPHY, ETC. NOTE
Bibliography, etc "International legal research sources": p. 243-257.
650 #0 -
-- E drejta ndërkombëtare
650 #0 -
-- E drejta ndërkombëtare dhe komunale
-- Shtetet e Bashkuara
700 1# -
-- Murphy, Sean D.
830 #0 -
-- Nutshell series.
942 ## - ADDED ENTRY ELEMENTS (KOHA)
Source of classification or shelving scheme
Item type Books
Holdings
Withdrawn status Lost status Source of classification or shelving scheme Damaged status Not for loan Collection code Permanent location Current location Shelving location Date acquired Total Checkouts Full call number Barcode Date last seen Price effective from Koha item type
          Koleksioni i përgjithshem UBT - Prishtine UBT - Prishtine Koleksioni i përgjithshem 11/14/2013   341 BUE 001-000422 11/14/2013 11/14/2013 Books
UBT Library © 2015-2024. All rights reserved University Education for Business and Technology